Music Quiz

Random Music or Rap Quiz

T.I. songs Quiz Stats

 Plays Quiz not verified by Sporcle

Support Sporcle.
Go Orange.
Score 0/20 Timer 08:00
0 Plays Today
Lyrics Songs % Correct
I want your body. I need your body. As long as you got me you won't need nobody You want it, I got it. Go get it, I'll buy itWhatever You Like
76.4%
wild as the taliban. 9 in my right 45 in my other handRubberband Man
74.5%
See me in ya city sitting pretty know I'm shining dawg Riding with a couple Latin brawds and a china dollWhat You Know
70.3%
I got love for the game but eh I'm not in love with all of it. Could do without the fame..Live Your Life
69.1%
Ever had one of them days wish would've stayed home Run into a group of **** who gettin' they hate on Dead and Gone
58.8%
TIP comin live from the VIP, heard the night life lost life when I leaveBring Em Out
53.9%
I never let you down, I'ma shine on sight Keep your mind, on your grind, and off mine's alright? RightI'm Back
49.7%
I've been smokin and flying down 285 but I'm focused its a four fifty four SS, I raise Porches white leather seats,24's
49.1%
Never have you seen in your lifetime a more divine southern rapper wit a swag like mineNo Matter What
43%
yea you know they call me T.I. but you don't know me. you be hatin' and I see way but you don't know meU Don't Know Me
41.2%
Lyrics Songs % Correct
I'm on my grind Grand Hustle Got the mind and the muscle 50 carrats in the crown just to shine on you suckasASAP
40%
Now I don't really care what you call me Just as long as you dont call me rude I bet they knew as soon as they saw me 'Goodnight its over with' thats all she wroteThat's All She Wrote
40%
Swear I treat you like a queen you put me in his place So you can give back his ring and the key to his place Tell the **** one thing that you need yo space Selling niggaz is one Why You Wanna
37%
Push the dirt off your jersey than go for the cup or the trophy or the ring, champion no matter whatGet Back Up
30.9%
Ain't a damn thang change I still keep that thang right up under my shirtHurt
27.9%
Go right from the plane to the rave When we touch down On a private plane getting brains, till weTouchdown
26.7%
Pull up in a blue coupe that's damn near clear And Polo gear that won't drop 'til next year Be like this here, Cartier frames and Pierre Jouet wristwear T.I.P. your majesty's rightI'm Serious
20%
I'm 22 and a vet in the game Say I'm, supercoo', still a threat at the same Be Easy
19.4%
You done gave him too many chances, you're tired of being fair i offer you the opportunity to ride with a player You, me, and a couple of freaks in the ride with a playerStand Up Guy
10.9%
Get the cover of the magazine when my **** out nope I think not just why, if you ever eye with a **** this flyYou better watch your mouth, you ain't that high KING OF THE SOUTH, yHelp Is Coming
9.7%

You're not logged in!

Compare scores with friends on all Sporcle quizzes.
OR
Log In

From the Vault

Same Role: Musical & Movie

by Hejman

We just hope none of these people ever meet each other. You saw what happened in TimeCop, right?
Remove Ads.
Support Sporcle.
Get the best of Sporcle when you Go Orange. This ad-free experience offers more features, more stats, and more fun while also helping to support Sporcle. Thank you for becoming a member.

Show Comments

Extras

Created Feb 21, 2011ReportNominate
Tags:Rap Quiz, Rap Artists

Top Quizzes Today


Score Distribution

Your Account Isn't Verified!

In order to create a playlist on Sporcle, you need to verify the email address you used during registration. Go to your Sporcle Settings to finish the process.

Report this User

Report this user for behavior that violates our Community Guidelines.

Details: